[Event "HUN-chT U18"]
[Site "Budapest"]
[Date "2021.10.27"]
[Round "7.9"]
[White "Dibusz, Domonkos"]
[Black "Pasti, Anna"]
[Result "1-0"]
[WhiteElo "2079"]
[BlackElo "1932"]
[PlyCount "100"]
[EventDate "2021.10.24"]
[EventType "team-tourn"]
[EventRounds "7"]
[EventCountry "HUN"]
[SourceTitle "CBM 205 Extra"]
[Source "ChessBase"]
[SourceDate "2022.01.31"]
[SourceVersion "1"]
[SourceVersionDate "2022.01.31"]
[SourceQuality "1"]

1. e4 b6 2. d4 Bb7 3. Bd3 e6 4. Qe2 Ne7 5. Nf3 g6 6. 0-0 Bg7 7. b3 c5 8. Bb2 0-0 9. Nbd2 d5 10. e5 Nbc6 11. c3 Qd7 12. Ng5 h6 13. Nh3 cxd4 14. cxd4 Nb4 15. Bb5 Bc6 16. a4 a6 17. Bxc6 Nbxc6 18. f4 Nf5 19. Nf3 Rfc8 20. Rac1 Nb4 21. Ba3 Bf8 22. Qd2 a5 23. g4 Ng7 24. Nf2 b5 25. axb5 Qxb5 26. Kg2 a4 27. Bxb4 Bxb4 28. Qd3 Qd7 29. bxa4 Rxc1 30. Rxc1 Qxa4 31. Rb1 Bf8 32. Qb3 Qxb3 33. Rxb3 Ne8 34. Rb7 Rc8 35. Rd7 Nc7 36. f5 gxf5 37. gxf5 exf5 38. Nh4 Ne6 39. Nxf5 Rc4 40. Ng4 Bg7 41. Nfxh6+ Bxh6 42. Nxh6+ Kg7 43. Nxf7 Kf8 44. Nd6 Rxd4 45. Rf7+ Kg8 46. Rf6 Nf4+ 47. Kf3 Nh5 48. Rf5 Ng7 49. Rg5 Ra4 50. Nf5 Ra5 1-0

[Event "HUN-chT U18"]
[Site "Budapest"]
[Date "2021.10.26"]
[Round "4.9"]
[White "Dibusz, Domonkos"]
[Black "Vilics, Hanna"]
[Result "1-0"]
[WhiteElo "2079"]
[BlackElo "1628"]
[PlyCount "79"]
[EventDate "2021.10.24"]
[EventType "team-tourn"]
[EventRounds "7"]
[EventCountry "HUN"]
[SourceTitle "CBM 205 Extra"]
[Source "ChessBase"]
[SourceDate "2022.01.31"]
[SourceVersion "1"]
[SourceVersionDate "2022.01.31"]
[SourceQuality "1"]

1. e4 d5 2. exd5 Qxd5 3. Nc3 Qa5 4. d4 Nf6 5. Nf3 c6 6. Bc4 Bg4 7. h3 Bh5 8. g4 Bg6 9. Qe2 Nbd7 10. Bd2 Qc7 11. 0-0-0 0-0-0 12. Nh4 e6 13. f4 Bb4 14. Rhf1 Nb6 15. Nf3 Bxc3 16. Bxc3 Qxf4+ 17. Nd2 Qd6 18. Bd3 Bxd3 19. Qxd3 h6 20. Kb1 Rhe8 21. Nf3 Nfd7 22. Nd2 f6 23. a3 Nd5 24. Ba5 b6 25. Ne4 Qc7 26. Bd2 g5 27. Qa6+ Kb8 28. c4 Nf4 29. c5 e5 30. Bxf4 gxf4 31. b4 Nf8 32. Nxf6 Re6 33. dxe5 Rxe5 34. cxb6 axb6 35. Qc4 Rde8 36. Qxf4 Re2 37. Qxc7+ Kxc7 38. Nxe8+ Rxe8 39. Rf7+ Kc8 40. Rd6 1-0

[Event "HUN-chT U18"]
[Site "Budapest"]
[Date "2021.10.24"]
[Round "1.20"]
[White "Dibusz, Domonkos"]
[Black "Toth, Gabor2222"]
[Result "1-0"]
[WhiteElo "2079"]
[BlackElo "2146"]
[PlyCount "69"]
[EventDate "2021.10.24"]
[EventType "team-tourn"]
[EventRounds "7"]
[EventCountry "HUN"]
[SourceTitle "CBM 205 Extra"]
[Source "ChessBase"]
[SourceDate "2022.01.31"]
[SourceVersion "1"]
[SourceVersionDate "2022.01.31"]
[SourceQuality "1"]

1. e4 c5 2. Nc3 Nc6 3. g3 g6 4. Bg2 Bg7 5. Nge2 e6 6. d3 Nge7 7. Be3 d6 8. Qd2 a6 9. 0-0-0 Qc7 10. h4 h5 11. d4 cxd4 12. Nxd4 Ne5 13. Bf1 0-0 14. Nb3 Rd8 15. f4 Ng4 16. Bc5 d5 17. Bg2 Bxc3 18. bxc3 b6 19. Bxe7 Qxe7 20. exd5 exd5 21. Rhe1 Be6 22. Kb1 Qc7 23. Nd4 Bc8 24. f5 Ra7 25. fxg6 fxg6 26. Qg5 Kh7 27. Nc6 Qxc6 28. Re7+ Rxe7 29. Qxe7+ Kh6 30. Qxd8 Qxc3 31. Bxd5 Bf5 32. Qf8+ Kh7 33. Bg8+ Kh8 34. Be6+ Kh7 35. Rd7+ 1-0

[Event "Balatonalmadi Pannonia Cup 27th"]
[Site "Balatonalmadi"]
[Date "2019.07.28"]
[Round "7"]
[White "Dibusz, Domonkos"]
[Black "Szikszai, Bertalan"]
[Result "0-1"]
[WhiteElo "2104"]
[BlackElo "1886"]
[PlyCount "72"]
[EventDate "2019.07.24"]
[EventType "swiss"]
[EventRounds "7"]
[EventCountry "HUN"]
[SourceTitle "CBM 191 Extra"]
[Source "ChessBase"]
[SourceDate "2019.09.30"]
[SourceVersion "1"]
[SourceVersionDate "2019.09.30"]
[SourceQuality "1"]

1. e4 c5 2. Nf3 d6 3. d4 cxd4 4. Nxd4 Nf6 5. Nc3 a6 6. Be3 e5 7. Nb3 Be7 8. h3 0-0 9. Qe2 Be6 10. f4 Nbd7 11. 0-0-0 b5 12. g4 b4 13. Nd5 Bxd5 14. exd5 a5 15. fxe5 Nxe5 16. Bg2 a4 17. Nd4 Qc7 18. Nb5 Qb7 19. g5 Nfd7 20. Nd4 b3 21. cxb3 axb3 22. a3 Nb6 23. Qb5 Qc7+ 24. Nc6 Nbc4 25. Bf4 Rfb8 26. Nxb8 Nxa3+ 27. Qc6 Nxc6 28. Nxc6 Nc4 29. Be4 Bf8 30. Rd4 Ra1+ 31. Bb1 Qd7 32. Rxc4 Qf5 33. Kd2 Qxd5+ 34. Kc3 Qxh1 35. Be4 Qxh3+ 36. Kd2 Qe6 0-1

[Event "Balatonalmadi Pannonia Cup 27th"]
[Site "Balatonalmadi"]
[Date "2019.07.27"]
[Round "5"]
[White "Dibusz, Domonkos"]
[Black "Petran, Peter"]
[Result "0-1"]
[WhiteElo "2104"]
[BlackElo "2256"]
[PlyCount "68"]
[EventDate "2019.07.24"]
[EventType "swiss"]
[EventRounds "7"]
[EventCountry "HUN"]
[SourceTitle "CBM 191 Extra"]
[Source "ChessBase"]
[SourceDate "2019.09.30"]
[SourceVersion "1"]
[SourceVersionDate "2019.09.30"]
[SourceQuality "1"]

1. e4 g6 2. d4 Bg7 3. Nc3 c6 4. Nf3 d5 5. h3 dxe4 6. Nxe4 Nf6 7. Nxf6+ exf6 8. Bd3 Be6 9. Be3 Nd7 10. 0-0 b5 11. Re1 Nb6 12. Be4 Rc8 13. b3 0-0 14. Rc1 Qd6 15. Bd3 b4 16. a3 a5 17. axb4 axb4 18. Nd2 f5 19. Nc4 Nxc4 20. Bxc4 f4 21. Bd2 Bxc4 22. bxc4 Bxd4 23. Qf3 Rfd8 24. Bxf4 Qc5 25. Re4 f5 26. Re6 Re8 27. Rd6 Re4 28. Rd1 Rce8 29. Bg3 Qxc4 30. Rd7 c5 31. Kh2 Qe6 32. Rb7 h5 33. h4 f4 34. Rxd4 fxg3+ 0-1

[Event "Balatonalmadi Pannonia Cup 27th"]
[Site "Balatonalmadi"]
[Date "2019.07.25"]
[Round "3"]
[White "Dibusz, Domonkos"]
[Black "Geher, Koppany"]
[Result "1/2-1/2"]
[WhiteElo "2104"]
[BlackElo "2211"]
[PlyCount "42"]
[EventDate "2019.07.24"]
[EventType "swiss"]
[EventRounds "7"]
[EventCountry "HUN"]
[SourceTitle "CBM 191 Extra"]
[Source "ChessBase"]
[SourceDate "2019.09.30"]
[SourceVersion "1"]
[SourceVersionDate "2019.09.30"]
[SourceQuality "1"]

1. e4 c5 2. Nf3 Nc6 3. d4 cxd4 4. Nxd4 Qb6 5. Nb3 Nf6 6. Nc3 e6 7. Be3 Qc7 8. Qe2 Bb4 9. g3 Nxe4 10. Bd2 Nxd2 11. Qxd2 Qe5+ 12. Be2 0-0 13. 0-0-0 a5 14. f4 Qf6 15. Qd3 Bxc3 16. Qxc3 Qxc3 17. bxc3 b6 18. Rd6 Ra7 19. Rhd1 Rc7 20. Bb5 Re8 21. c4 Kf8 1/2-1/2

[Event "HUN-chT2 Breyer 1819"]
[Site "Hungary"]
[Date "2019.04.28"]
[Round "9.8"]
[White "Juhasz, Adam"]
[Black "Dibusz, Domonkos"]
[Result "1/2-1/2"]
[WhiteElo "1856"]
[BlackElo "2110"]
[PlyCount "156"]
[EventDate "2018.10.28"]
[EventType "team-tourn"]
[EventRounds "9"]
[EventCountry "HUN"]
[SourceTitle "EXT 2021"]
[Source "ChessBase"]
[SourceDate "2020.10.23"]
[SourceVersion "1"]
[SourceVersionDate "2020.10.23"]
[SourceQuality "1"]
[WhiteTeam "Zsambek"]
[BlackTeam "Naszaly Geniusz Tata"]
[WhiteTeamCountry "HUN"]
[BlackTeamCountry "HUN"]

1. Nf3 d5 2. b3 Nf6 3. Bb2 c5 4. e3 Nc6 5. Bb5 e6 6. 0-0 Bd6 7. Ne5 Qc7 8. f4 a6 9. Bxc6+ bxc6 10. d3 Bb7 11. Nd2 d4 12. exd4 cxd4 13. Bxd4 c5 14. Bb2 Nd5 15. Ndc4 0-0-0 16. Nxd6+ Rxd6 17. Nc4 Rd7 18. Qd2 f6 19. Ba3 Rg8 20. Qa5 g5 21. Qxc7+ Kxc7 22. f5 Nf4 23. fxe6 Re7 24. Rfe1 Rxe6 25. Rxe6 Nxe6 26. Re1 Kd7 27. Nd2 Re8 28. Ne4 Bxe4 29. Rxe4 Rc8 30. Rc4 Rc6 31. Kf2 f5 32. b4 cxb4 33. Rxc6 Kxc6 34. Bxb4 Kd5 35. Bc3 h5 36. h3 Nf8 37. Kf3 Ne6 38. Bf6 g4+ 39. hxg4 hxg4+ 40. Ke2 Nf4+ 41. Kf2 Kc5 42. Bb2 a5 43. g3 Nd5 44. a3 a4 45. c4 Ne7 46. Ke3 Ng6 47. Bd4+ Kc6 48. Ba7 Kb7 49. Bc5 Ne5 50. Bd6 Ng6 51. d4 Kc6 52. Bf4 Kb6 53. Bg5 Kc6 54. Kd3 Kd6 55. Be3 Ke6 56. d5+ Ke5 57. Bd4+ Kd6 58. Ke3 Kc7 59. Kd3 Kd6 60. Kc3 f4 61. Bf2 f3 62. Kd4 Ke7 63. Ke4 Kf6 64. Bd4+ Ke7 65. Kf5 Kf7 66. Kxg4 Ne5+ 67. Kf4 Nxc4 68. Kxf3 Nxa3 69. Ke4 Nb5 70. Be5 a3 71. g4 a2 72. Bb2 Nd6+ 73. Kf4 Kg6 74. Ba1 Nf7 75. Bc3 Nd6 76. Ke5 Nb5 77. Ba1 Kg5 78. Ke6 Nc7+ 1/2-1/2

[Event "HUN-chT U18"]
[Site "Zalakaros"]
[Date "2018.07.28"]
[Round "6.4"]
[White "Dibusz, Domonkos"]
[Black "Koszta, Benedek"]
[Result "1/2-1/2"]
[WhiteElo "2076"]
[BlackElo "1901"]
[PlyCount "100"]
[EventDate "2018.07.26"]
[EventType "team-swiss"]
[EventRounds "7"]
[EventCountry "HUN"]
[SourceTitle "CBM 185 Extra"]
[Source "ChessBase"]
[SourceDate "2018.07.29"]
[SourceVersion "1"]
[SourceVersionDate "2018.07.29"]
[SourceQuality "1"]
[WhiteTeam "Geniusz Tata"]
[BlackTeam "Maroczy"]
[WhiteTeamCountry "HUN"]
[BlackTeamCountry "HUN"]

1. e4 c5 2. Nf3 d6 3. d4 cxd4 4. Nxd4 Nf6 5. Nc3 a6 6. Be3 e5 7. Nb3 Be6 8. h3 Be7 9. f4 exf4 10. Bxf4 Nc6 11. Qe2 Nd7 12. 0-0-0 Nde5 13. Nd5 0-0 14. Qd2 Re8 15. Be2 Bf8 16. Rhf1 Rb8 17. g4 b5 18. Bxe5 Nxe5 19. Nd4 Bxd5 20. exd5 g6 21. Qf4 Qc7 22. Kb1 Bg7 23. h4 Re7 24. Rf2 Rbe8 25. c3 Qb7 26. h5 Qd7 27. Rg2 Nc4 28. Bxc4 bxc4 29. h6 Re4 30. Qg5 Bh8 31. Nc6 Re1 32. Rxe1 Rxe1+ 33. Kc2 Qe8 34. Qd8 Qxd8 35. Nxd8 Re5 36. Nc6 Rg5 37. b3 cxb3+ 38. Kxb3 Kf8 39. c4 f5 40. Nd8 Rxg4 41. Ne6+ Ke7 42. Re2 Be5 43. c5 Rg3+ 44. Ka4 Rc3 45. c6 f4 46. Kb4 f3 47. Rf2 Rd3 48. Kc4 Rc3+ 49. Kb4 Kf6 50. c7 Ke7 1/2-1/2

[Event "HUN-chT U18"]
[Site "Zalakaros"]
[Date "2018.07.28"]
[Round "5.2"]
[White "Diller, Denis"]
[Black "Dibusz, Domonkos"]
[Result "1/2-1/2"]
[WhiteElo "2057"]
[BlackElo "2076"]
[PlyCount "96"]
[EventDate "2018.07.26"]
[EventType "team-swiss"]
[EventRounds "7"]
[EventCountry "HUN"]
[SourceTitle "CBM 185 Extra"]
[Source "ChessBase"]
[SourceDate "2018.07.29"]
[SourceVersion "1"]
[SourceVersionDate "2018.07.29"]
[SourceQuality "1"]
[WhiteTeam "Kobanya Aquarena"]
[BlackTeam "Geniusz Tata"]
[WhiteTeamCountry "HUN"]
[BlackTeamCountry "HUN"]

1. d4 Nf6 2. c4 e6 3. Nf3 Bb4+ 4. Bd2 a5 5. a3 Bxd2+ 6. Nbxd2 d5 7. e3 b6 8. Bd3 Bb7 9. 0-0 0-0 10. Qc2 Nbd7 11. b4 c5 12. bxc5 bxc5 13. cxd5 exd5 14. dxc5 Rc8 15. Nb3 a4 16. Nbd4 Nxc5 17. Bf5 Nb3 18. Bxc8 Nxa1 19. Rxa1 Qxc8 20. Qxa4 Qc3 21. Rb1 Bc8 22. Qb4 Qd3 23. a4 Re8 24. a5 Ba6 25. h3 h6 26. Nc6 Ne4 27. Ncd4 Nc3 28. Rc1 Ne4 29. Ne5 Qd2 30. Qxd2 Nxd2 31. Nec6 Kf8 32. Rd1 Nc4 33. Rb1 Rc8 34. Nb8 Nd2 35. Rd1 Rxb8 36. Rxd2 Rb1+ 37. Kh2 Ra1 38. Nb3 Ra3 39. Nc5 Bc4 40. Nb7 Ba6 41. Nc5 Bc4 42. Nd7+ Ke8 43. Nb6 Rxa5 44. e4 Rb5 45. Nxd5 Bxd5 46. exd5 Kd7 47. Kg3 Kd6 48. f3 Ke5 1/2-1/2

[Event "HUN-chT U18"]
[Site "Zalakaros"]
[Date "2018.07.27"]
[Round "4.3"]
[White "Tancsa, Tamas"]
[Black "Dibusz, Domonkos"]
[Result "1/2-1/2"]
[WhiteElo "2023"]
[BlackElo "2076"]
[PlyCount "120"]
[EventDate "2018.07.26"]
[EventType "team-swiss"]
[EventRounds "7"]
[EventCountry "HUN"]
[SourceTitle "CBM 185 Extra"]
[Source "ChessBase"]
[SourceDate "2018.07.29"]
[SourceVersion "1"]
[SourceVersionDate "2018.07.29"]
[SourceQuality "1"]
[WhiteTeam "Atomeromu"]
[BlackTeam "Geniusz Tata"]
[WhiteTeamCountry "HUN"]
[BlackTeamCountry "HUN"]

1. e4 e5 2. Nf3 Nc6 3. Bb5 a6 4. Ba4 Nf6 5. 0-0 Be7 6. Re1 b5 7. Bb3 d6 8. c3 0-0 9. h3 Na5 10. Bc2 c5 11. d4 Nd7 12. d5 Nb6 13. Nbd2 Bd7 14. Nf1 Qc7 15. g4 Nb7 16. Ng3 g6 17. Bh6 Rfe8 18. Kh1 a5 19. Rg1 Kh8 20. Nf5 Bxf5 21. gxf5 Nd7 22. Ng5 Bxg5 23. Bxg5 Kg7 24. Qg4 Rg8 25. Qh4 h5 26. Be3 Kf8 27. Qg5 Ke8 28. Qh6 Nf8 29. Bd1 Qe7 30. Bg5 f6 31. Bh4 g5 32. Bxh5+ Kd7 33. Bxg5 fxg5 34. f6 Qh7 35. Bg4+ Kc7 36. Qxh7+ Nxh7 37. Be6 Nxf6 38. Bxg8 Rxg8 39. f3 c4 40. Rg2 Nc5 41. Rag1 Rh8 42. Rxg5 Rxh3+ 43. Kg2 Rh7 44. Kf1 Nd3 45. Rg7+ Rxg7 46. Rxg7+ Nd7 47. Rg2 b4 48. cxb4 axb4 49. Rc2 Nb6 50. Ke2 Kb7 51. Ke3 Nf4 52. Kd2 Ka6 53. b3 Kb5 54. Ke3 Kc5 55. Rh2 c3 56. Rh7 Kb5 57. Rg7 Ka6 58. Rh7 Ka5 59. Rg7 Kb5 60. Rh7 Ka6 1/2-1/2

[Event "HUN-chT2 Breyer 1718"]
[Site "Hungary"]
[Date "2018.05.06"]
[Round "11.8"]
[White "Dibusz, Domonkos"]
[Black "Balazs, Andras"]
[Result "1-0"]
[WhiteElo "1972"]
[BlackElo "1889"]
[PlyCount "181"]
[EventDate "2017.09.24"]
[EventType "team-tourn"]
[EventRounds "11"]
[EventCountry "HUN"]
[SourceTitle "EXT 2021"]
[Source "ChessBase"]
[SourceDate "2020.10.23"]
[SourceVersion "1"]
[SourceVersionDate "2020.10.23"]
[SourceQuality "1"]
[WhiteTeam "Naszaly Geniusz Tata"]
[BlackTeam "Nyergesujfalu"]
[WhiteTeamCountry "HUN"]
[BlackTeamCountry "HUN"]

1. e4 c5 2. Nf3 d6 3. d4 cxd4 4. Nxd4 Nf6 5. Nc3 a6 6. Be3 Nbd7 7. Be2 e6 8. 0-0 Be7 9. f4 Qc7 10. Bf3 0-0 11. Kh1 Kh8 12. a4 Nb6 13. Qd3 Nc4 14. Bc1 Bd7 15. b3 Na5 16. Bb2 Rac8 17. Rad1 Nc6 18. Nxc6 Bxc6 19. Ne2 Rfd8 20. c4 e5 21. Ng3 Bd7 22. fxe5 dxe5 23. Qc3 Bd6 24. Nh5 Nxh5 25. Bxh5 Be6 26. Qg3 f6 27. Qh4 Bf7 28. Bg4 Rb8 29. Bf5 Bg8 30. Rd3 g5 31. Qh5 Bf8 32. Rh3 h6 33. Ba3 Bg7 34. Qg6 Qf7 35. Qxf7 Bxf7 36. Be7 Rd2 37. Bg4 Kg8 38. Kg1 h5 39. Bxh5 Bxh5 40. Rxh5 Kf7 41. Rxg5 Bh8 42. Bb4 Re2 43. Rxe5 Kg6 44. Re6 Bg7 45. Re1 Rxe1+ 46. Bxe1 Kf7 47. Rd6 Bf8 48. Rd5 Be7 49. Bg3 Re8 50. Rd7 Kg6 51. Rxb7 Bf8 52. e5 fxe5 53. Kf2 Kf5 54. Ke2 Bh6 55. Rb6 Bg5 56. Rxa6 Rb8 57. Ra5 Rxb3 58. Rxe5+ Kf6 59. Rb5 Re3+ 60. Kf2 Ra3 61. a5 Bd2 62. Bc7 Be3+ 63. Ke2 Bg1 64. Rd5 Ra4 65. c5 Ke6 66. Rh5 Kd7 67. Bb6 Kc6 68. Rh6+ Kb5 69. c6 Bxb6 70. axb6 Kxb6 71. h4 Rc4 72. Kf3 Kc7 73. h5 Kd8 74. g4 Ke8 75. c7 Kd7 76. Rh7+ Ke6 77. g5 Kf5 78. g6 Rc3+ 79. Ke2 Kf6 80. Rf7+ Ke6 81. h6 Rc2+ 82. Kd3 Rc5 83. h7 Rc6 84. Rf6+ Kxf6 85. h8Q+ Kg5 86. Qe5+ Kh6 87. g7 Ra6 88. Qf6+ Rxf6 89. g8N+ Kg7 90. Nxf6 Kxf6 91. c8Q 1-0

[Event "HUN-chT2 Breyer 1718"]
[Site "Hungary"]
[Date "2018.03.25"]
[Round "10.8"]
[White "Balonyi, Roland"]
[Black "Dibusz, Domonkos"]
[Result "0-1"]
[WhiteElo "1670"]
[BlackElo "1972"]
[PlyCount "64"]
[EventDate "2017.09.24"]
[EventType "team-tourn"]
[EventRounds "11"]
[EventCountry "HUN"]
[SourceTitle "EXT 2021"]
[Source "ChessBase"]
[SourceDate "2020.10.23"]
[SourceVersion "1"]
[SourceVersionDate "2020.10.23"]
[SourceQuality "1"]
[WhiteTeam "Esztergom"]
[BlackTeam "Naszaly Geniusz Tata"]
[WhiteTeamCountry "HUN"]
[BlackTeamCountry "HUN"]

1. d4 Nf6 2. c4 e6 3. Nf3 Bb4+ 4. Bd2 a5 5. a3 Bxd2+ 6. Nbxd2 d5 7. e3 b6 8. Qc2 Bb7 9. Rc1 c6 10. Ne5 Nbd7 11. Ndf3 Rc8 12. Be2 c5 13. 0-0 0-0 14. Rfd1 cxd4 15. Nxd7 Nxd7 16. Rxd4 b5 17. b3 a4 18. e4 e5 19. Rdd1 d4 20. Ne1 Nc5 21. bxa4 Bxe4 22. Qb2 bxa4 23. Bd3 Nxd3 24. Nxd3 Qg5 25. Ne1 Rfd8 26. Qd2 h6 27. Qxg5 hxg5 28. c5 Rc6 29. f3 Bf5 30. Rc4 Ra8 31. Nd3 Bxd3 32. Rxd3 Ra5 0-1

[Event "HUN-chT2 Breyer 1718"]
[Site "Hungary"]
[Date "2018.01.28"]
[Round "7.10"]
[White "Rabovszky, Gyorgy"]
[Black "Dibusz, Domonkos"]
[Result "0-1"]
[WhiteElo "1817"]
[BlackElo "1972"]
[PlyCount "120"]
[EventDate "2017.09.24"]
[EventType "team-tourn"]
[EventRounds "11"]
[EventCountry "HUN"]
[SourceTitle "EXT 2021"]
[Source "ChessBase"]
[SourceDate "2020.10.23"]
[SourceVersion "1"]
[SourceVersionDate "2020.10.23"]
[SourceQuality "1"]
[WhiteTeam "Budapest HASE"]
[BlackTeam "Naszaly Geniusz Tata"]
[WhiteTeamCountry "HUN"]
[BlackTeamCountry "HUN"]

1. d4 d5 2. Nf3 Nf6 3. Bg5 Nbd7 4. Nc3 g6 5. Qd2 Ne4 6. Nxe4 dxe4 7. Ne5 Nb6 8. Bh6 f6 9. Bxf8 Rxf8 10. Nxg6 hxg6 11. 0-0-0 Qd5 12. b3 Qg5 13. e3 Bg4 14. Be2 Bxe2 15. Qxe2 0-0-0 16. h4 Qxg2 17. Rdg1 Qf3 18. Qxf3 exf3 19. Rxg6 Rg8 20. h5 Rxg6 21. hxg6 Rg8 22. Rg1 Kd7 23. Kd2 e6 24. e4 Nc8 25. Ke3 Rg7 26. c4 Ne7 27. Kxf3 Rxg6 28. Rh1 f5 29. e5 Rg4 30. Ke3 Re4+ 31. Kd3 Ng6 32. Kc3 Re2 33. Rh7+ Ne7 34. f4 Re3+ 35. Kb4 Re4 36. Kc5 c6 37. a4 b6+ 38. Kb4 Rxd4 39. Rh4 Nd5+ 40. Ka3 Rxf4 41. Rh8 Ne7 42. Rb8 Nc8 43. Rb7+ Kd8 44. Rh7 Re4 45. a5 Rxe5 46. axb6 axb6 47. Rf7 Re3 48. Kb2 Nd6 49. Rf8+ Ke7 50. Rb8 f4 51. Rxb6 f3 52. c5 f2 53. cxd6+ Kxd6 54. Rb4 f1Q 55. Rd4+ Ke7 56. Rd2 Qb5 57. Ka1 Qa5+ 58. Ra2 Re1+ 59. Kb2 Re2+ 60. Kc1 Qe1# 0-1

[Event "HUN-chT2 Breyer 1718"]
[Site "Hungary"]
[Date "2017.10.08"]
[Round "2.11"]
[White "Forgacs, Andras"]
[Black "Dibusz, Domonkos"]
[Result "1/2-1/2"]
[WhiteElo "1697"]
[BlackElo "1972"]
[PlyCount "104"]
[EventDate "2017.09.24"]
[EventType "team-tourn"]
[EventRounds "11"]
[EventCountry "HUN"]
[SourceTitle "EXT 2021"]
[Source "ChessBase"]
[SourceDate "2020.10.23"]
[SourceVersion "1"]
[SourceVersionDate "2020.10.23"]
[SourceQuality "1"]
[WhiteTeam "Biatorbagy"]
[BlackTeam "Naszaly Geniusz Tata"]
[WhiteTeamCountry "HUN"]
[BlackTeamCountry "HUN"]

1. d4 Nf6 2. c4 e6 3. Nf3 Bb4+ 4. Bd2 a5 5. a3 Bxd2+ 6. Qxd2 b6 7. g3 Bb7 8. Bg2 d6 9. Nc3 Nbd7 10. 0-0 0-0 11. Rfd1 Ne4 12. Qc2 Nxc3 13. Qxc3 Nf6 14. Nd2 Bxg2 15. Kxg2 d5 16. c5 Qe7 17. Rdc1 b5 18. b3 c6 19. Re1 Rfd8 20. e3 Ne4 21. Qd3 Nxd2 22. Qxd2 Qg5 23. Qd3 Rd7 24. Ra2 h5 25. h4 Qf6 26. Qe2 e5 27. Qf3 Qxf3+ 28. Kxf3 Re7 29. Rd2 Rae8 30. Red1 f5 31. dxe5 Rxe5 32. Rd4 Kf7 33. Rf4 Kf6 34. Rdd4 Re4 35. Rfxe4 Rxe4 36. Ke2 g5 37. hxg5+ Kxg5 38. Rd3 Kf6 39. f4 Re8 40. Kf3 Rh8 41. Rd2 Kg6 42. Rh2 Rh7 43. Rh1 Kf6 44. Ke2 Ke6 45. Kd3 Kf6 46. Ke2 Kg6 47. Kf3 Re7 48. Rd1 Re4 49. Rd4 Kf6 50. Kf2 Kg6 51. Kf3 Kh6 52. Kf2 Kg6 1/2-1/2

[Event "HUN-ch U12"]
[Site "Balatonlelle"]
[Date "2016.06.30"]
[Round "9"]
[White "Dibusz, Domonkos"]
[Black "Fodor, Kornel"]
[Result "1-0"]
[WhiteElo "1755"]
[BlackElo "1779"]
[PlyCount "79"]
[EventDate "2016.06.24"]
[EventType "swiss"]
[EventRounds "9"]
[EventCountry "HUN"]
[SourceTitle "CBM 173 Extra"]
[Source "ChessBase"]
[SourceDate "2016.08.29"]
[SourceVersion "1"]
[SourceVersionDate "2016.08.29"]
[SourceQuality "1"]

1. e4 c5 2. Nf3 e6 3. d4 cxd4 4. Nxd4 Nc6 5. Nc3 Qc7 6. Be3 a6 7. a3 Nf6 8. f4 d6 9. Qf3 Bd7 10. 0-0-0 0-0-0 11. Nb3 Ne7 12. Be2 d5 13. Qf2 Re8 14. Bb6 Qb8 15. e5 Nfg8 16. Nc5 Qa8 17. Nxd7 Kxd7 18. Na4 Nc6 19. Bc5 Bxc5 20. Qxc5 Qa7 21. Rxd5+ exd5 22. Qd6+ Kc8 23. Bg4+ Re6 24. Bxe6+ fxe6 25. Qxe6+ Kc7 26. Qd6+ Kc8 27. Qf8+ Kc7 28. Qxg7+ Nge7 29. Qxh8 Qe3+ 30. Kb1 Qxf4 31. Nc5 Qf2 32. Ne6+ Kd7 33. Qf6 Qxg2 34. Nc5+ Kc7 35. Qd6+ Kb6 36. Na4+ Ka5 37. Qc5+ b5 38. Rg1 Qxh2 39. Nc3 d4 40. b4+ 1-0

[Event "HUN-ch U12"]
[Site "Balatonlelle"]
[Date "2016.06.28"]
[Round "6"]
[White "Barsi, Botond"]
[Black "Dibusz, Domonkos"]
[Result "0-1"]
[WhiteElo "1549"]
[BlackElo "1755"]
[PlyCount "84"]
[EventDate "2016.06.24"]
[EventType "swiss"]
[EventRounds "9"]
[EventCountry "HUN"]
[SourceTitle "CBM 173 Extra"]
[Source "ChessBase"]
[SourceDate "2016.08.29"]
[SourceVersion "1"]
[SourceVersionDate "2016.08.29"]
[SourceQuality "1"]

1. e4 e5 2. Nf3 Nc6 3. d4 exd4 4. Bc4 Bc5 5. 0-0 d6 6. c3 dxc3 7. Nxc3 Nf6 8. Bg5 h6 9. Bh4 g5 10. Bg3 Bg4 11. Qb3 Na5 12. Bxf7+ Kf8 13. Qa4 c6 14. b4 b5 15. Qxa5 Qxa5 16. bxa5 Kxf7 17. a6 Bxf3 18. gxf3 h5 19. h3 g4 20. Rfd1 gxf3 21. Bxd6 Rhg8+ 22. Kh1 Bxf2 23. Rf1 Bd4 24. Rxf3 Bxc3 25. Rxc3 Nxe4 26. Rxc6 Rac8 27. Rf1+ Ke6 28. Rxc8 Rxc8 29. Re1 Kxd6 30. Rxe4 Rc1+ 31. Kg2 Rc2+ 32. Kg3 Rxa2 33. Rf4 Ra3+ 34. Kh2 Kc5 35. Rf5+ Kc4 36. Rxh5 b4 37. Rh7 Rxa6 38. Rb7 b3 39. h4 Rb6 40. Rc7+ Kb4 41. Rc1 b2 42. Rb1 Kc3 0-1

[Event "HUN-ch U12"]
[Site "Balatonlelle"]
[Date "2016.06.25"]
[Round "2"]
[White "Borhy, Marcell Boldizsar"]
[Black "Dibusz, Domonkos"]
[Result "1/2-1/2"]
[WhiteElo "2040"]
[BlackElo "1755"]
[PlyCount "57"]
[EventDate "2016.06.24"]
[EventType "swiss"]
[EventRounds "9"]
[EventCountry "HUN"]
[SourceTitle "CBM 173 Extra"]
[Source "ChessBase"]
[SourceDate "2016.08.29"]
[SourceVersion "1"]
[SourceVersionDate "2016.08.29"]
[SourceQuality "1"]

1. d4 d5 2. c4 c6 3. cxd5 cxd5 4. Nc3 Nf6 5. Bf4 Nc6 6. e3 a6 7. Bd3 Bg4 8. f3 Bh5 9. g4 Bg6 10. Rc1 e6 11. Nge2 Bd6 12. Kf2 Rc8 13. Kg2 e5 14. dxe5 Bxe5 15. Bg5 Nxg4 16. Bxg6 Qxg5 17. Bxf7+ Kxf7 18. Qxd5+ Ke7 19. fxg4 Qxg4+ 20. Ng3 Rhd8 21. Qc5+ Ke6 22. Nce4 Nd4 23. Qb6+ Nc6 24. Qxb7 Bxg3 25. Rxc6+ Bd6+ 26. Ng3 Rb8 27. Qxa6 Rxb2+ 28. Kg1 Rb1+ 29. Kg2 1/2-1/2

[Event "HUN-chT2 Breyer 1516"]
[Site "Hungary"]
[Date "2015.09.13"]
[Round "1.12"]
[White "Dibusz, Domonkos"]
[Black "Lendvai, Oliver"]
[Result "1-0"]
[WhiteElo "1706"]
[BlackElo "1387"]
[PlyCount "51"]
[EventDate "2015.09.13"]
[EventType "team-tourn"]
[EventRounds "11"]
[EventCountry "HUN"]
[SourceTitle "CBM 170 Extra"]
[Source "ChessBase"]
[SourceDate "2016.02.25"]
[SourceVersion "1"]
[SourceVersionDate "2016.02.25"]
[SourceQuality "1"]
[WhiteTeam "Naszaly Geniusz Tata"]
[BlackTeam "Gyor UDSE"]
[WhiteTeamCountry "HUN"]
[BlackTeamCountry "HUN"]

1. e4 e5 2. Nf3 Nc6 3. Bb5 a6 4. Ba4 d6 5. c3 Nf6 6. 0-0 Be7 7. d4 exd4 8. cxd4 0-0 9. d5 Ne5 10. Nxe5 dxe5 11. f3 Bc5+ 12. Kh1 b5 13. Bc2 Bb7 14. Bg5 Bd4 15. Nc3 c6 16. Ne2 c5 17. Nxd4 cxd4 18. f4 h6 19. fxe5 hxg5 20. exf6 gxf6 21. Qxd4 Rc8 22. Bd3 Rc6 23. e5 Qb6 24. Qe4 f5 25. Qxf5 Rg6 26. e6 1-0